000 00587nam a2200181Ia 4500
003 GCL
008 140319s9999 xx 000 0 ara d
040 _aGCL /
_cGCL
082 0 4 _a922.5
_bح ي
100 1 _aحمد الجاسر
245 1 0 _aاليمن بين مؤرخين معاصرين /
_cحمد الجاسر
260 _aاليمن :
_bمؤسسة الثورة للصحافة والطباعة والنشر ،
_c2000
300 _a88 ص ؛
_c20 سم
650 0 4 _aالقانون
650 0 4 _aالعدل
650 0 4 _aالقضاة اليمنيين - تراجم
942 _2ddc
_cBK
999 _c5797
_d5797